000 00413nam a22001697a 4500
005 20180717142637.0
008 160511b xxu||||| |||| 00| 0 eng d
020 _a0-7069-9877-9
041 _aeng
082 _b1281
_a658.1511
100 _aPandey, I.M.
_94537
245 _aManagement Accounting
260 _bVikas Publishing house Pvt. Ltd.
_c2004
300 _a607
650 _aManagement
_9241
942 _cBK
999 _c549
_d549